00482 2200181 4500001002100000005001500021008004100036020001800077035001900095041000700114082001100121090001700132100002300149245004100172260003100213300002900244650002700273INLIS00000000000864420241224113702241224||||||||| | ||| |||| || |  a979-017-124-2 0010-1224008644 aid0 a297.41 a297.41 HUD i0 aM. Mansur Huda dkk00aIbadah yang Wajib diketahui Muslimah aJakartabQultumMediac2010 ax + 264 hlm.; 14 x 20 cm 0aPendidikan Agama Islam